000 00828nam1a22002651i 4500
001 v19\rc\1617205
005 20240723101011.0
035 _a(NLR Aleph) 004735429
090 _a4468350
_c4468350
100 _a20061002d1898 |||y0rusy50 ca
101 0 _arus
102 _aRU
105 _ay z |||||
200 1 _aСооружение обыкновенных и железных дорог
_e1
_fК.В. Изюмов, инж. ...
210 _aНижний Новгород
_cтип. П.И. Конышева
_d1898
215 _d8х13
309 _aБез тит. л.
700 1 _aИзюмов
_bК.В.
_gКонстантин В.
801 0 _aRU
_bNLR
_gpsbo
801 0 _aRU
_bRuMoRGB
_2psbo
801 1 _aRU
_bProSoft-M
_2rusmarc
852 _aNLR
_j18.286.3.56
899 _aRuMoRGB
_jS 33/1081
899 _aБАН
942 _cBOOK